Statistics for UFC BANTAMWEIGHT CHAMPS QUIZ

Click here to take the quiz!

General Stats

  • This quiz has been taken 39 times
  • The average score is 7 of 8

Answer Stats

HintAnswer% Correct
2021Aljamain Sterling
100%
2023Sean O'Malley
100%
2020Petr Yan
97%
2017TJ Dillashaw
86%
2016Cody Garbrandt
83%
2016Dominick Cruz
83%
2018Henry Cejudo
75%
2014Renan Barao
61%

Score Distribution

Percentile by Number Answered

Percent of People with Each Score

Your Score History

You have not taken this quiz